Mirovaja ekonomika i meždunarodnyje otnošenija ježemesjačnyj žurnal

Saved in:
Bibliographic Details
Format: Serial
Language:Russian
Published: Moskva Pravda 1982
Tags: Add Tag
No Tags, Be the first to tag this record!

MARC

LEADER 00000nas2a2200000 4500
001 s124331
005 20250730114224.1
041 0 |a rus 
044 |a RU 
245 1 0 |a Mirovaja ekonomika i meždunarodnyje otnošenija  |b ježemesjačnyj žurnal 
264 1 |a Moskva  |b Pravda  |c 1982 
300 |a 1 zv. 
773 0 |w eu_un_cat*s120187